Statistiche per I segni dei cantoni della Svizzera

Clicka qui per fare il quiz!

Statistiche generali

  • Questo quiz è stato fatto 61 volte
    (58 dall'ultimo reset)
  • Il punteggio medio è 18 su 26

Risposte nella Mappa

Le risposte nella mappa del quiz sottostante sono codificate secondo una scala di colori dal rosso al verde in base alla % di persone che hanno risposto correttamente.
 

Statistiche sulle risposte

Cantone% Corretto
GE Ginevra
97%
TI Ticino
97%
BE Berna
90%
GR Grigioni
90%
ZH Zurigo
87%
VS Vallese
81%
BS Basilea Città
74%
GL Glarona
74%
LU Lucerna
74%
AI Appenzello Interno
71%
SH Sciaffusa
71%
UR Uri
71%
AR Appenzello Esterno
68%
AG Argovia
65%
BL Basilea Campagna
65%
NE Neuchâtel
65%
TG Turgovia
65%
VD Vaud
65%
NW Nidvaldo
61%
OW Obvaldo
61%
SG San Gallo
61%
ZG Zugo
61%
FR Friburgo
58%
SO Soletta
58%
JU Giura
52%
SZ Svitto
52%

Distribuzione punteggi

Percentile per numero di risposta

Percentuale di utenti per punteggio

I tuoi punteggi nel tempo

Non hai fatto questo quiz dall'ultimo reset